The firearms dictionary /

Bibliographic Details
Main Author: Steindler, R. A.
Format: Book
Language:English
Published: [Harrisburg, Pa.] : Stackpole Books, [1970]
Subjects:

MARC

Tag First Indicator Second Indicator Subfields
LEADER 00000cam a2200000 4500
001 in00000093935
005 20150927070233.0
008 700622s1970 paua bd 00010 eng
010 |a  75107957  
020 |a 0811706141  |c 7.95 
035 |a (OCoLC)00079882 
035 |9 AAL5788AM 
040 |a DLC  |c DLC  |d TXA  |d UtOrBLW 
049 |a TXAF  |c [852487] 
050 0 0 |a TS534.5  |b .S74 
082 0 |a 683/.4/003 
100 1 |a Steindler, R. A. 
245 1 4 |a The firearms dictionary /  |c [by] R. A. Steindler. 
264 1 |a [Harrisburg, Pa.] :  |b Stackpole Books,  |c [1970] 
300 |a 288 pages :  |b illustrations ;  |c 23 cm. 
336 |a text  |b txt  |2 rdacontent 
337 |a unmediated  |b n  |2 rdamedia 
338 |a volume  |b nc  |2 rdacarrier 
504 |a Bibliography: pages 283-288. 
650 0 |a Firearms  |v Dictionaries. 
999 |a MARS 
999 f f |s 6cd4f519-98ea-3277-8a8f-a206c064bc3d  |i 7ca823cd-f93a-334b-95d3-30519bc27ecb  |t 0 
952 f f |p normal  |a Texas A&M University  |b College Station  |c Sterling C. Evans Library  |d Evans: Library Stacks  |t 0  |e TS534.5 .S74  |h Library of Congress classification  |i unmediated -- volume  |m A14805903941 
998 f f |a TS534.5 .S74  |t 0  |l Evans: Library Stacks